Red, White & Blue Flags - Statistics

General Stats
  • This quiz has been taken 414 times
    372 since last reset
  • The average score is 25 of 47
Answer Stats
Answer % Correct
France
91%
United Kingdom
87%
United States of America
87%
Netherlands
85%
Australia
84%
Russia
83%
New Zealand
80%
Norway
76%
Iceland
75%
Slovakia
72%
Luxembourg
71%
Slovenia
70%
Fiji
66%
Serbia
64%
Thailand
63%
Costa Rica
62%
Cuba
62%
Panama
61%
Croatia
60%
Czech Republic
58%
Tuvalu
57%
North Korea
55%
Chile
54%
Samoa
51%
South Korea
51%
Laos
50%
Liberia
48%
Dominican Republic
47%
Paraguay
47%
Cambodia
46%
Malaysia
46%
Belize
42%
South Africa
41%
Taiwan
41%
Kiribati
40%
Phillipines
40%
Marshall Islands
37%
Antigua & Barbuda
33%
Seychelles
26%
Cape Verde
25%
Namibia
23%
Venezuela
21%
Gambia
18%
Burma
16%
Central African Republic
15%
South Sudan
14%
Equatorial Guinea
13%
No matching quizzes found
Score Distribution
Percent of People with Each Score
Percentile by Number Answered
Your Score History
You have not taken this quiz since the last reset